000 01903cam a2200205 i 4500
008 171016s2018 mau 000 1 eng
020 _a9780544098268 (hardcover)
050 0 0 _aPR9199.4.F8
_bL67 2018
082 0 0 _a813/.6
100 1 _aFu, Kim,
245 1 4 _aThe lost girls of camp forevermore /
_cKim Fu.
260 _aBoston
_bHoughton Mifflin Harcant
_c2018
300 _a249 pages ;
520 _a"From the award-winning author of For Today I Am a Boy,agrippingand deeply felt novel about a group of young girls at a remote camp--and the night that changes everything and will shape their lives for decades to come A group of young girls descend on Camp Forevermore, a sleepaway camp in the Pacific Northwest, where their days are filled with swimming lessons, friendship bracelets, and camp songs by the fire. Filled with excitement and nervous energy, they set off on an overnight kayaking trip to a nearby island.But before the night is over, they find themselves stranded, with no adults to help them survive or guide them home.The Lost Girls of Camp Forevermore tracesthese fivegirls--Nita, Kayla, Isabel, Dina, and Siobhan--through and beyond this fateful trip. We see them through successes and failures, loving relationships and heartbreaks; we see what it means to find, and define, oneself, and the ways in which the same experience is refracted through different people. In diamond-sharpprose, Kim Fu gives us a portrait of friendship and of the families we build for ourselves--and the pasts we can't escape"--
520 _a"From the award-winning author of For Today I Am a Boy, a gripping and deeply felt novel about a group of young girls at a remote camp--and the night that changes everything and will shape their lives for decades to come"--
650 7 _aFICTION / Coming of Age.
650 7 _aFICTION / Literary.
650 7 _aFICTION / Contemporary Women.
942 _cBK
999 _c3435
_d3435